Aproximaciones a la narrativa de la Revolución Mexicana : (Record no. 178655)

MARC details
000 -CABECERA
campo de control de longitud fija 01304nam a2200313 a 4500
003 - IDENTIFICADOR DEL NÚMERO DE CONTROL
campo de control MX-MxUPN
005 - FECHA Y HORA DE LA ÚLTIMA TRANSACCIÓN
campo de control 20240806130814.0
008 - ELEMENTOS DE LONGITUD FIJA--INFORMACIÓN GENERAL
campo de control de longitud fija 151104s2015 mx gr 000 0 spa d
020 ## - NÚMERO INTERNACIONAL NORMALIZADO PARA LIBROS
Número Internacional Estándar del Libro 9786078348626
035 ## - NÚMERO DE CONTROL DEL SISTEMA
Número de control de sistema UPN01000206554
040 ## - FUENTE DE LA CATALOGACIÓN
Centro catalogador/agencia de origen MX-MxUPN
Lengua de catalogación spa
Centro/agencia transcriptor MX-MxUPN
041 ## - CÓDIGO DE IDIOMA
Código de lengua del texto/banda sonora o título independiente spa
050 #4 - SIGNATURA TOPOGRÁFICA DE LA BIBLIOTECA DEL CONGRESO
Número de clasificación PQ7207 H5
Número de documento/Ítem A6.7
245 00 - MENCIÓN DE TÍTULO
Título Aproximaciones a la narrativa de la Revolución Mexicana :
Resto del título didáctica de la literatura hispanoamericana del siglo XX
250 ## - MENCIÓN DE EDICIÓN
Mención de edición Primera edición
260 ## - PUBLICACIÓN, DISTRIBUCIÓN, ETC.
Lugar de publicación, distribución, etc. México, D.F. :
Nombre del editor, distribuidor, etc. Bonilla Artigas Editores ;
Lugar de publicación, distribución, etc. Madrid :
Nombre del editor, distribuidor, etc. Iberoamericana ;
Lugar de publicación, distribución, etc. Frankfurt :
Nombre del editor, distribuidor, etc. Vervuert ;
Lugar de publicación, distribución, etc. San Luis Potosí :
Nombre del editor, distribuidor, etc. Benemérita y Centenaria Escuela Normal del Estado de San Luis Potosí,
Fecha de publicación, distribución, etc. 2015.
300 ## - DESCRIPCIÓN FÍSICA
Extensión 317 páginas
490 ## - MENCIÓN DE SERIE
Mención de serie Públicatextos ;
Designación de volumen o secuencia 3
504 ## - NOTA DE BIBLIOGRAFÍA, ETC.
Nota de bibliografía, etc. Incluye bibliografía.
650 #4 - ASIENTO SECUNDARIO DE MATERIA - TERMINO TEMATICO
Término de materia o nombre geográfico como elemento de entrada Novela histórica mexicana
Subdivisión general Historia y crítica
9 (RLIN) 24462
650 #2 - ASIENTO SECUNDARIO DE MATERIA - TERMINO TEMATICO
Término de materia o nombre geográfico como elemento de entrada Novela mexicana
Subdivisión cronológica Siglo XX
Subdivisión general Historia y crítica
9 (RLIN) 9690
700 1# - ASIENTO SECUNDARIO--NOMBRE DE PERSONAL
Nombre de persona Garrido, Felipe,
Fechas asociadas al nombre 1942-
Término indicativo de función/relación prólogo
9 (RLIN) 31030
700 1# - ASIENTO SECUNDARIO--NOMBRE DE PERSONAL
Nombre de persona Hernández Ortiz, Francisco
Término indicativo de función/relación coordinación
9 (RLIN) 33513
700 1# - ASIENTO SECUNDARIO--NOMBRE DE PERSONAL
Nombre de persona Gallegos Infante, Laura Érika,
Fechas asociadas al nombre 1972-
Término indicativo de función/relación coordinación
9 (RLIN) 52871
700 1# - ASIENTO SECUNDARIO--NOMBRE DE PERSONAL
Nombre de persona Duque Hernández, Miguel Ángel,
Fechas asociadas al nombre 1970-
Término indicativo de función/relación coordinación
9 (RLIN) 52874
902 ## - ELEMENTOS DE DATOS B LOCAL, LDB (RLIN)
Modificó MaríaRobles/060824
905 ## - TIPO DE MATERIAL
Tipo de material Libro
942 ## - ELEMENTOS DE PUNTO DE ACCESO ADICIONAL (KOHA)
Fuente del sistema de clasificación o colocación Library of Congress Classification
Tipo de ítem Koha Libro
Suprimir en OPAC No
Holdings
Estado de retiro Estado de pérdida Fuente del sistema de clasificación o colocación Estado dañado No para préstamo Código de colección Localización permanente Ubicación/localización actual Ubicación en estantería Total de préstamos Clasificación Código de barras Fecha visto por última vez Número de copia Tipo de ítem Koha Fecha de adquisición Fuente de adquisición Precio válido a partir de
    Library of Congress Classification     Colección General Bib. Gregorio Torres Quintero Bib. Gregorio Torres Quintero Planta baja 2 PQ7207 H5 A6.7 306681 31/12/2020 1 Libro      
    Library of Congress Classification     Colección General Bib. Gregorio Torres Quintero Bib. Gregorio Torres Quintero Planta baja   PQ7207 H5 A6.7 317551 31/12/2020 1 Libro      
    Library of Congress Classification     Colección General Bib. Gregorio Torres Quintero Bib. Gregorio Torres Quintero Planta baja 1 PQ7207 H5 A6.7 317550 22/09/2021 1 Libro      
    Library of Congress Classification     Colección General Bib. Gregorio Torres Quintero Bib. Gregorio Torres Quintero Planta baja   PQ7207 H5 A6.7   28/11/2024 Ej. 4 Libro 02/05/2024 Donación UPN,CAD-ST-27/24 28/11/2024